Statistics for Top 30 countries with the surname Jesus

Click here to take the quiz!

General Stats

  • This quiz has been taken 92 times
  • The average score is 17 of 30

Answer Stats

NumberAnswer% Correct
245,409Brazil
95%
2,143Spain
95%
15,625Mexico
94%
1,642Argentina
92%
4,177United States
91%
21,536Portugal
89%
4,490Venezuela
89%
1,520Colombia
86%
7,951Peru
85%
633Bolivia
80%
391Ecuador
74%
1,114France
71%
740Honduras
70%
738Guatemala
64%
841Germany
57%
4,795Dominican Republic
53%
13,534Philippines
53%
17,807Angola
49%
10,660Mozambique
47%
494India
43%
384South Africa
41%
1,805Indonesia
38%
475Cape Verde
34%
468Sao Tome
34%
3,396East Timor
29%
2,145Egypt
26%
479Ghana
21%
308Saudi Arabia
13%
2,351Puerto Rico
11%
484England
9%

Score Distribution

Percentile by Number Answered

Percent of People with Each Score

Your Score History

You have not taken this quiz